| 000 | 00606nam a2200181 a 4500 | ||
|---|---|---|---|
| 001 | 000352498 | ||
| 003 | AM-YeHGA | ||
| 005 | 20250618072211.0 | ||
| 008 | 040719s1984 ||| r 000 0 rus d | ||
| 040 | _aAM-YeHGA | ||
| 041 | 1 |
_arus _harm |
|
| 100 | 1 |
_aԲաբայան, Վարդգես Հակոբի, _d1925-2005 _91703 |
|
| 245 | 1 | 0 |
_aКовчег : _bСтихи : Пер. с арм. / _cВардгес Бабаян. |
| 260 |
_aМосква : _bСов. писатель, _c1984. |
||
| 300 |
_a80 с. : _bпортр., ил. |
||
| 653 | 0 | _aАрмянская советская поэзия | |
| 090 | _c136325 | ||
| 999 |
_c134957 _d134957 |
||